000 00479nam a2200193 4500
003 LK-CoMWRAF
005 20230901033143.0
008 230901b2003 |||||||| |||| 00| 0 eng d
020 _a978-0618340750
040 _aLK-CoMWRAF
_dLK-CoMWRAF
_eLK-CoMWRAF
041 _aeng
082 _a811.54
_bHAL
100 _aHall, Donald
245 _aThe Painted bed :
_bPoems
260 _aBoston :
_bHoughton Mifflin,
_c2003
300 _a87p
650 _aEnglish poems
942 _cBK
999 _c3343
_d3343